000
00306nam a22001217a 4500
008
140218t xxu||||| |||| 00| 0 eng d
020
_a
978-81-309-1298-1
100
_a
Edward Hueske
_9
731
243
_a
Essentials of Forensic Science
245
_a
Firearms and Fingerprints
300
_a
171
942
_2
ddc
_c
BK
999
_c
16988
_d
16988